• 首页
  • 本馆介绍
  • 公告通知
  • 最新文献
  • 馆藏检索
  • 电子资源
  • 读者导购
  • 参考咨询
  • 我的图书馆
  • 登录
  • 详细信息显示
  • 放入我的书架
  • 预约/预借图书
  • 作者相关作品
  • 分类相关作品
  • 丛书相关作品
  • 出版社相关作品

书目信息

  • 表格格式
  • 工作单格式
  • 卡片格式
题名:
什么是社会主义市场经济
    
 
作者: 马洪 主编
分册:  
出版信息: 北京   中国发展出版社  1993.10
页数: 308页
开本: 19cm
丛书名:
单 册:
中图分类: F045.5
科图分类: 27.2765
主题词: 社会主义经济∶市场经济--基本知识 , 市场经济∶社会主义经济--基本知识
电子资源:
ISBN: 7-80087-159-2
000 00774nam0 2200241 45
001 0194003392
005 20070723162526.43
010    @a7-80087-159-2@dCNY8.90
100    @a19940126d1993 em y0chiy0121 ea
101 0  @achi
102    @aCN@b110000
105    @ay z 000yy
200 10 @a什么是社会主义市场经济@ASHEN ME SHI SHE HUI ZHU YI SHI CHANG JING JI@f马 洪主编@FMA HONG ZHU BIAN
210    @a北京@c中国发展出版社@d1993.10@h1996
215    @a308页@d19cm
540 1  @a社会主义 市场 经济@ASHE HUI ZHU YI SHI CHANG JING JI
606    @a社会主义经济∶市场经济@x基本知识
606    @a市场经济∶社会主义经济@x基本知识
690    @aF045.5@v三版
692    @a27.2765
701  0 @a马洪@AMA HONG@4主编
801  0 @aCN@bTSSF@c20070723
905    @a10447@dF045.5@e115
    
    什么是社会主义市场经济/马 洪主编.-北京:中国发展出版社,1993.10(1996)
    308页;19cm
    
    
    ISBN 7-80087-159-2:CNY8.90
    
●
相关链接 在E读中查询图书 在五车中查询图书 在当当中查询图书 在豆瓣中查询图书


正题名:什么是社会主义市场经济     索取号:F045.5/115         预约/预借

序号 登录号 条形码 馆藏地/架位号 状态 备注
1 0770465   207704652   第一样本阅览室/ [索取号:F045.5/115] 在馆    
唐山师范学院图书馆 欢迎您!
大连网信软件有限公司© 版权所有